LIBRARY & INFORMATION CENTRE, KCAET, TAVANUR

ONLINE PUBLIC ACCESS CATALOGUE (OPAC)

Theory and problems of probability and statistics / (Record no. 9764)

MARC details
000 -LEADER
fixed length control field 00594cam a2200217ua 4500
020 ## - INTERNATIONAL STANDARD BOOK NUMBER
ISBN 0-07-099030-1
041 ## - LANGUAGE CODE
Language code of text/sound track or separate title eng
082 ## - DEWEY DECIMAL CLASSIFICATION NUMBER
Classification number 519.2
Item number SPI/TH
100 ## - MAIN ENTRY--AUTHOR NAME
Personal name Spiegel, Murray R .
245 ## - TITLE STATEMENT
Title Theory and problems of probability and statistics /
250 ## - EDITION STATEMENT
Edition statement 1 /
260 ## - PUBLICATION, DISTRIBUTION, ETC. (IMPRINT)
Place of publication New York :
Name of publisher McGraw Hill Book Company ,
Year of publication 1980.
300 ## - PHYSICAL DESCRIPTION
Number of Pages 372 ; .
490 0# - SERIES STATEMENT
Series statement Schaums outline series,
Volume number/sequential designation
500 ## - GENERAL NOTE
General note *CSS
942 ## - ADDED ENTRY ELEMENTS (KOHA)
Koha item type Books
Holdings
Withdrawn status Lost status Damaged status Home library Current library Shelving location Date acquired Full call number Accession Number Koha item type
      KAUAET KAUAET Scheme 30/08/2018 519.2 SPI/TH 18186 Books
      KAUAET KAUAET Scheme 30/08/2018 519.2 SPI/TH 18185 Books
free website counter